=LDR 00000nam 2200000 4500 =001 000295 =005 20250710015828 =035 ##$$a 0010-0725000143 =007 ta =008 250710################a##########0#ind## =020 ##$$a 978-623-472-405-9 =082 ##$$a 398.209 598 =084 ##$$a 398.209 598 MAL d =100 #$$a Mala Kumar, Manisha Chaudry =245 1#$$a Di Mana Gogo? /$c Mala Kumar Dan Manisha Chaudhry =250 ##$$a Cetakan Pertama =260 ##$$a Jakarta :$b Badan Pengembangan dan Pembinaan Bahasa,$c 2022 =300 ##$$a 16 hlm. : $b ilus. ; $c 22,9 cm =650 #4$$a CERITA ANAK INDONESIA-TERJEMAHAN =650 #4$$a LITERASI-BAHAN BACAAN =990 ##$$a TBM00050005